000 00671nam a2200181 u 4500
001 000023231
005 20200930022057.0
008 101130s1947 sp 001 0 spa d
040 _aDO-SdBNP
_bspa
_cBNPHU
082 _aXXX
_bP226ó
100 1 _aPardo Bazan, Emilia,
_d1851 - 1921
_941191
245 1 0 _aObras completas :
_bnovelas y cuentos /
_cEmilia Pardo Bazan ; estudio preliminar, nota y prólogo de Federico Carlos Sainz de Robles.
260 _aMadrid :
_bAguilar,
_c1947.
300 _av. ;
_c18 cm.
504 _aIncluye referencias bibliográficas y notas al pie de las páginas.
700 1 _aSainz de Robles, Federico Carlos,
_epról.
_916670
049 _aBNGR
999 _c22728
_d22728